000 00621nam a22001817a 4500
005 20251108170025.0
008 250721s1997 xx 000 0 ara d
082 1 4 _a935/مطر
100 1 _aمطر، سليم
245 1 0 _aالذات الجريحة :
_bأشكالات الهوية في العراق و العالم العربي الشرقاني /
264 1 _aبيروت :
_bالمؤسسة العربية للدراسات،
_c1997.
300 _a505ص
650 1 7 _aتاريخ العراق القديم
650 1 7 _aالقومية
650 1 7 _aالعوية العربية
942 _2ddc
_cBK
999 _c37691
_d37691